00611nam a2200145Ia 4500003000900000008004100009040003300050041000800083080002000091100001500111245016900126246007900295260007400374300001700448LK-CoDNM010623t2003 xxu||||| |||| 00| 1 sin d aLK-CoDNMdLK-CoDNMeLK-CoDNM asin a341.231.14bHOO aHool,Rajan aශ්‍රි ලංකාව:බලයේ මහන්තත්වය-මිථ්‍යා,පරිහානිය හා මනුෂ්‍ය ඝාතන aSri Lankawa Balaye Mahanthatwaya,Mithaya,Parihaniya Haa Manushaya Gaathana bManawa Himikam Sandahaa wu Vishwa Vidyala AcharyawaruaYapanayac2003 bp.691, 27 cm